English slip-decorated earthenware at Williamsburg / (Record no. 26322)

000 -LEADER
fixed length control field 01355cam a2200325 a 4500
001 - CONTROL NUMBER
control field 1577025
005 - DATE AND TIME OF LATEST TRANSACTION
control field 20170203165539.0
008 - FIXED-LENGTH DATA ELEMENTS--GENERAL INFORMATION
fixed length control field 930113s1993 vauab b 001 0 eng
010 ## - LIBRARY OF CONGRESS CONTROL NUMBER
LC control number 93000164
020 ## - INTERNATIONAL STANDARD BOOK NUMBER
International Standard Book Number 0879350903
040 ## - CATALOGING SOURCE
Original cataloging agency DLC
Transcribing agency DLC
Modifying agency DLC
043 ## - GEOGRAPHIC AREA CODE
Geographic area code e-uk-en
-- n-us-va
050 00 - LIBRARY OF CONGRESS CALL NUMBER
Classification number NK4085
Item number .G75 1993
100 1# - MAIN ENTRY--PERSONAL NAME
Personal name Grigsby, Leslie B.
Fuller form of name (Leslie Brown)
245 10 - TITLE STATEMENT
Title English slip-decorated earthenware at Williamsburg /
Statement of responsibility, etc. Leslie B. Grigsby.
260 ## - PUBLICATION, DISTRIBUTION, ETC. (IMPRINT)
Place of publication, distribution, etc. Williamsburg, Va. :
Name of publisher, distributor, etc. Colonial Williamsburg Foundation,
Date of publication, distribution, etc. c1993.
300 ## - PHYSICAL DESCRIPTION
Extent 80 p. :
Other physical details ill. (some col.), map ;
Dimensions 27 cm.
440 #0 - SERIES STATEMENT/ADDED ENTRY--TITLE
Title Williamsburg decorative arts series
490 1# - SERIES STATEMENT
Series statement Wallace Gallery decorative arts publications
504 ## - BIBLIOGRAPHY, ETC. NOTE
Bibliography, etc Includes bibliographical references (p. 78) and index.
610 20 - SUBJECT ADDED ENTRY--CORPORATE NAME
Corporate name or jurisdiction name as entry element Colonial Williamsburg, inc.
Subordinate unit Department of Collections.
650 #0 - SUBJECT ADDED ENTRY--TOPICAL TERM
Topical term or geographic name as entry element Slipware
Geographic subdivision England.
650 #0 - SUBJECT ADDED ENTRY--TOPICAL TERM
Topical term or geographic name as entry element Slipware
Geographic subdivision Virginia
-- Williamsburg.
830 #0 - SERIES ADDED ENTRY--UNIFORM TITLE
Uniform title Wallace Gallery decorative arts publication.
942 ## - ADDED ENTRY ELEMENTS (KOHA)
Source of classification or shelving scheme
Koha item type Hard Covered Materials
Classification part NK4085 .G75 1993
Holdings
Withdrawn status Lost status Source of classification or shelving scheme Damaged status Not for loan Home library Current library Shelving location Date acquired Source of acquisition Total Checkouts Full call number Barcode Date last seen Price effective from Koha item type
          MACHAKOS UNIVERSITY LIBRARY MACHAKOS UNIVERSITY LIBRARY Technical section 03/02/2017 Donation(BFA)   NK4085 .G75 1993 34013 10/07/2018 03/02/2017 Hard Covered Materials
© Machakos University Library, Along The Highway, Machakos Wote Rd, Machakos, Kenya P.O. Box 136 - 90100 Machakos - Kenya

Tel: ( +254 ) 723 805829 OR Fax : 044-20353 OR Email: library@mksu.ac.ke